| 000 | 00392nam a22001457a 4500 | ||
|---|---|---|---|
| 003 | OSt | ||
| 005 | 20160727222340.0 | ||
| 008 | 160620b xxu||||| |||| 00| 0 eng d | ||
| 040 | _cTEST | ||
| 100 |
_976 _aBerry, J |
||
| 245 |
_aA Children's Book about Teasing _bA Children's Book about Teasing |
||
| 260 |
_aGrolier Enterprises _c1988 |
||
| 300 | _aA Children's Book about Teasing | ||
| 942 |
_2ddc _cBK |
||
| 999 |
_c61 _d61 |
||